Postal Code Mix-Up Quiz Stats

 Plays Quiz not verified by Sporcle

Challenge
Share
Tweet
Embed
Score 0/30 Timer 05:00
0 Plays Today
answer % Correct
Wave
64%
Wave
64%
Farm
60%
Farm
60%
Vain
56%
Vain
56%
Vine
52%
Game
52%
Vine
52%
Game
52%
Want
52%
Want
52%
Cord
48%
Cord
48%
Prom
48%
answer % Correct
Prom
48%
Lava
48%
Lava
48%
Flap
44%
Flap
44%
Said
44%
Said
44%
Mail
40%
Zany
40%
Mail
40%
Zany
40%
Hung
36%
Hung
36%
Mend
32%
Mend
32%

You're not logged in!

Compare scores with friends on all Sporcle quizzes.
OR
Log In

You Might Also Like...

Show Comments

Extras

Top Quizzes Today


Score Distribution

Your Account Isn't Verified!

In order to create a playlist on Sporcle, you need to verify the email address you used during registration. Go to your Sporcle Settings to finish the process.

Report this User

Report this user for behavior that violates our Community Guidelines.

Details: